00859cam a2200229 a 450000100100000000500170001000800410002703500190006804000320008708200170011924501020013626000290023830000260026749000260029365000290031965000420034870000360039083000340042691000340046095201200049499900150061400000513620200929151604.0810903s1963 sp 000 p spa d a(DLC) 65049159 aDO-SdBNPcCarPdDLC7dBNPHU a861.6bM385c01aCancionero popular taurino :bantología /crealizó la recopilación Manuel Martínez Remis. aMadrid :bTaurus,c1963. a187, [4] p. ;c18 cm.1 aTemas de Españav21 4aPoesía española9631 4aLiteratura españolaySIGLO XX933261 aMartínez Remis, Manuel914705 0aTemas de España ;v2196849 aCatalogación por copia / LC 001052708MOaGRbGRcCTd2009-07-29iLF1l0o861.6 M385cp5136-10r2020-06-25w2020-06-25y2ZPréstamo interno c4939d4939